Grands couturiers du passé et du présent - Statistiques

Statistiques générales
  • Ce quiz a été pris 115 fois
    82 depuis la dernière actualisation
  • Le résultat moyen est 18 sur 58
Statistiques - réponses
Prénom Dates Nom % Correct
Christian 1905-1957 Dior
96%
Gabrielle 1883-1971 Chanel
89%
Giorgio 1934- Armani
87%
Yves 1938-2010 Saint-Laurent
83%
Karl 1933-2019 Lagerfeld
81%
Paco 1934-2023 Rabanne
72%
Gianni 1946-1997 Versace
70%
Cristobal 1895-1972 Balenciaga
58%
Oscar 1932-2014 de la Renta
58%
Hubert de 1927-2018 Givenchy
58%
Nina 1883-1970 Ricci
58%
Thierry 1948-2022 Mugler
57%
Christian 1951- Lacroix
55%
Azzedine 1935-2017 Alaïa
53%
Pierre 1922-2020 Cardin
53%
Elsa 1890-1973 Schiaparelli
49%
Jeanne 1867-1946 Lanvin
43%
John 1960- Galliano
42%
Gianfranco 1944-2007 Ferré
40%
André 1923-2016 Courrèges
34%
Olivier 1958- Lapidus
32%
Ted 1929-2008 Lapidus
32%
Pierre 1914-1982 Balmain
30%
Jean-Louis 1935-2013 Scherrer
30%
Guy 1921-1989 Laroche
26%
Paul 1879-1944 Poiret
26%
Lucien 1889-1958 Lelong
25%
Jean 1887-1936 Patou
25%
Emanuel 1933-2019 Ungaro
23%
Loris 1933-2003 Azzaro
21%
Jacques 1912-1954 Fath
19%
Jeanne 1869-1936 Paquin
17%
Nino 1930-2022 Cerruti
15%
Valentino 1932- Garavani
15%
Germaine 1903-1993 Grès
15%
Charles Frederick 1825-1895 Worth
15%
Edouard 1891-1974 Molyneux
13%
Hanae 1926-2022 Mori
13%
Madeleine 1876-1975 Vionnet
13%
Anny 1910-1999 Blatt
11%
Marie-Louise 1909-2015 Carven
11%
Louis 1920-1999 Féraud
11%
Jacques 1899-1967 Heim
11%
Jenny 1868-1962 Sacerdote
11%
Jean-Charles de 1949- Castelbakac
9%
Jean 1904-1970 Dessès
9%
Fournié 1975- Julien
9%
Madeleine de 1896-1985 Rauch
9%
Marcel 1902-1955 Rochas
9%
Jules-François 1917-1988 Crahay
8%
Marcel 1899-1954 Dhorme
8%
Jacques 1853-1929 Doucet
8%
Bouchra 1970- Jarrar
8%
Robert 1898-1953 Piguet
8%
Lola 1885-1895 Prusac
8%
Marcelle 1891-1990 Chaumont
6%
Jacques 1909-1996 Griffe
6%
Germaine 1889-1966 Lecomte
6%
Aucun quiz correspondant
Distribution des résultats
% des personnes avec chaque résultat
Percentile par nombre de réponses
Votre historique - résultats
Vous n’avez pas pris ce quiz depuis la dernière actualisation